Comparative health-care systems /
Sábháilte in:
| Príomhchruthaitheoir: | |
|---|---|
| Rannpháirtithe: | |
| Formáid: | Téacs |
| Clibeanna: |
Cuir clib leis
Níl clibeanna ann, Bí ar an gcéad duine le clib a chur leis an taifead seo!
|
MARC
| LEADER | 00000 a a2200000 04500 | ||
|---|---|---|---|
| 001 | 44748 | ||
| 003 | |||
| 040 | |||
| 100 | |a Durbin, Nancy E. | ||
| 245 | |a Comparative health-care systems / |c Barbara Melber Nancy E. Durbin | ||
| 700 | |a Melber, Barbara | ||
| 773 | |g páginas 373-383 | ||
| 999 | |c 24890 |d 24890 | ||
